Газы углеводородные сжиженные топливные. Технические условия по ГОСТ Р 52087-2003; Справочник. Инженерный журнал; № 6

Dades bibliogràfiques
Parent link:Справочник. Инженерный журнал: научно-технический и производственный журнал.— , 2000-.— 0203-347X
№ 6.— 2006.— С. 5-8
Idioma:rus
Publicat: 2006
Col·lecció:Материалы. Зарубежные аналоги
Matèries:
Format: MixedMaterials Capítol de llibre
KOHA link:https://koha.lib.tpu.ru/cgi-bin/koha/opac-detail.pl?biblionumber=403278

MARC

LEADER 00000naa2a2200000 4500
001 403278
005 20231101065901.0
035 |a (RuTPU)RU\TPU\prd\49388 
090 |a 403278 
100 |a 20070302a2006 k y0rusy50 ca 
101 0 |a rus 
102 |a RU 
200 1 |a Газы углеводородные сжиженные топливные. Технические условия по ГОСТ Р 52087-2003 
225 1 |a Материалы. Зарубежные аналоги 
461 0 |0 (RuTPU)RU\TPU\prd\1723  |x 0203-347X  |t Справочник. Инженерный журнал  |o научно-технический и производственный журнал  |d 2000- 
463 0 |0 (RuTPU)RU\TPU\prd\47136  |t № 6  |v С. 5-8  |d 2006 
610 1 |a углеводородные газы 
610 1 |a топливные сжиженные газы 
610 1 |a технические условия 
610 1 |a ГОСТ Р 52087-2003 
610 1 |a стандартизация 
610 1 |a применение 
610 1 |a технические требования 
610 1 |a требования безопасности 
610 1 |a природа 
610 1 |a правила приема 
610 1 |a транспортирование 
610 1 |a хранение 
610 1 |a методы испытания 
610 1 |a охрана 
801 1 |a RU  |b 63413507  |c 20070302  |g PSBO 
801 2 |a RU  |b 63413507  |c 20171115  |g PSBO 
942 |c BK